[Event "Berlin Eckbauer op 16th"]
[Site "Berlin"]
[Date "2013.10.28"]
[Round "4"]
[White "Janneck, Frank"]
[Black "Ziems, Michael"]
[Result "0-1"]
[WhiteElo "1875"]
[BlackElo "1835"]
[PlyCount "74"]
[EventDate "2013.10.07"]
[EventType "swiss"]
[EventRounds "7"]
[EventCountry "GER"]
[SourceTitle "EXT 2022"]
[Source "ChessBase"]
[SourceDate "2021.10.06"]
[SourceVersion "1"]
[SourceVersionDate "2021.10.06"]
[SourceQuality "1"]

1. d4 d5 2. Nf3 Nf6 3. g3 e6 4. Bg2 Bd6 5. Nbd2 Nbd7 6. 0-0 b6 7. c4 Bb7 8. b3 0-0 9. Bb2 Rc8 10. e3 c5 11. Ne5 Qc7 12. Nxd7 Nxd7 13. cxd5 exd5 14. Re1 Rfe8 15. Qg4 Nf6 16. Qg5 Be7 17. dxc5 h6 18. Qf5 bxc5 19. Rec1 Rcd8 20. Qc2 Rc8 21. Bh3 Qc6 22. Bg2 Qe6 23. h3 Ba6 24. Nf3 d4 25. exd4 cxd4 26. Qd2 d3 27. Nd4 Qb6 28. Rxc8 Rxc8 29. Rc1 Rxc1+ 30. Qxc1 Bc5 31. Qc3 Bb4 32. Qc6 Qxc6 33. Nxc6 d2 34. Bf3 Bb7 35. Bd4 Bxc6 36. Bd1 Ne4 37. h4 a5 0-1